Tears of the giraffe / (Record no. 3789)
[ view plain ]
| 000 -LEADER | |
|---|---|
| fixed length control field | 00567nam a2200169 a 4500 |
| 001 - CONTROL NUMBER | |
| control field | ASINB006DGJPLA |
| 005 - DATE AND TIME OF LATEST TRANSACTION | |
| control field | 20190522121251.0 |
| 008 - FIXED-LENGTH DATA ELEMENTS--GENERAL INFORMATION | |
| fixed length control field | 130327s2003 xxu eng d |
| 020 ## - INTERNATIONAL STANDARD BOOK NUMBER | |
| International Standard Book Number | 0349116652 (paperback) |
| 020 ## - INTERNATIONAL STANDARD BOOK NUMBER | |
| International Standard Book Number | 9780349116655 (paperback) |
| 100 1# - MAIN ENTRY--PERSONAL NAME | |
| Personal name | Smith, Alexander McCall. |
| 245 10 - TITLE STATEMENT | |
| Title | Tears of the giraffe / |
| Statement of responsibility, etc. | Alexander McCall Smith. |
| 300 ## - PHYSICAL DESCRIPTION | |
| Extent | 1 v. (unpaged) |
| 490 1# - SERIES STATEMENT | |
| Series statement | No.1 ladies' detective agency. |
| 830 #0 - SERIES ADDED ENTRY--UNIFORM TITLE | |
| Uniform title | No.1 ladies' detective agency. |
| 856 40 - ELECTRONIC LOCATION AND ACCESS | |
| Materials specified | Amazon.com |
| Uniform Resource Identifier | <a href="http://www.amazon.com/exec/obidos/ASIN/B006DGJPLA/chopaconline-20">http://www.amazon.com/exec/obidos/ASIN/B006DGJPLA/chopaconline-20</a> |
| Withdrawn status | Lost status | Source of classification or shelving scheme | Damaged status | Not for loan | Collection code | Home library | Current library | Shelving location | Date acquired | Total Checkouts | Full call number | Barcode | Date last seen | Date last checked out | Price effective from | Koha item type |
|---|---|---|---|---|---|---|---|---|---|---|---|---|---|---|---|---|
| Dewey Decimal Classification | Air University Central Library Islamabad | Air University Central Library Islamabad | 03/27/2013 | 2 | 823 SMI | P2758 | 03/18/2025 | 03/05/2020 | 03/27/2013 | Book |







